000 00620nam a2200193Ia 4500
003 IN-BaIIA
008 211028s9999 xx 000 0 eng d
040 _cIIA Library
080 _a538
_bCOW
100 _aCowling, T. G.
_92434
245 0 _aMagnetohydrodynamics
_cT. G. Cowling
260 _aNew York
_bInterscience Publishers
_c1957
300 _aviii, 115p.
490 _aInterscience tracts on physics and astronomy; no. 4
500 _aDonated by Mrs. Bappu
650 _aAstronomy and astrophysics thesaurus
650 _aMatnetohydrodynamics
_912809
942 _cBK
999 _c7529
_d7529